01401nam a2200325Ia 450000500170000000800410001702000150005804100080007310000200008124500840010125000220018526400330020730000400024033600270028033700330030733800280034049000440036865000470041265000510045965000280051070000340053870000360057294200150060804000350062308400120065899900130067095201320068395201300081595201300094520220316235347.0121119s1998 ck a gr 000 d spa  a95830032040 aspa1 aRuiz, Clarisa, 10aUna noche en el tejadocClarisa Ruiz, Yolanda Reyes ; ilustraciones, Pedro Ruiz aPrimera edición 1aBogotábPanamericanac1998 a64 páginasbilustracionesc21 cm. atextobtxt2rdacontent asin mediaciónbn2rdamedia avolumenbnc2rdacarrier0 aPrimer acto : teatro infantil y juvenil142LEMBaTeatro escolar e infantil colombiano142LEMBaLiteratura infantil colombianaySiglo XX142LEMBaAnimales vTeatro1 aReyes, Yolandad1959-91180181 aRuiz, Pedroeilustrador9118019 2loccBKLIT aCO-BoRNBPbspaerdacCO-BoRNBP aT RUI2  c720d720 00102ddc40708INFaMEACACIAbMEACACIAcSInfd2023-04-21l0oT RUI 2pACA 19407r2023-04-21 00:00:00tEj.1w2023-04-21yBKLIT 00102ddc40708INFaMESGUARObMESGUAROcSInfd2023-06-08l0oT RUI2pSG00546r2023-06-08 00:00:00tEj.1w2023-06-08yBKLIT 00102ddc40708INFaMECUBARRbMECUBARRcSInfd2023-07-19l0oT RUI2pCUB00347r2023-07-19 15:41:32tEj.1w2023-07-19yBKLIT